| 000 | 00686cam a22002414a 4500 | ||
|---|---|---|---|
| 008 | |||
| 020 | _a0073049026 (hbk.) | ||
| 049 | _aMAIN | ||
| 090 | 0 |
_aHF5415 _bGRE |
|
| 100 | 1 | _aGrewal, Dhruv. | |
| 245 | 1 | 0 |
_aMarketing / _cDhruv Grewal, Michael Levy. |
| 260 |
_aBoston : _bMcGraw-Hill Irwin, _cc2008. |
||
| 300 |
_axxxiii, 602 p. : _bill. + col. maps ; _c25 cm. |
||
| 500 | _aIncludes indexes. | ||
| 504 | _aIncludes bibliographical references. | ||
| 650 | 0 | _aMarketing. | |
| 700 | 1 | _aLevy, Michael. | |
| 907 |
_a.b10286391 _b20-07-11 _c04-11-10 |
||
| 003 | |||
| 005 | 20230120133832.0 | ||
| 040 | _cNUST | ||
| 942 |
_cBOOKS _kHF5415 _mGRE |
||
| 999 |
_c96302 _d96302 |
||